000 01085njm a2200277Ia 4500
001 24418
003 IT-RoPAU
005 20220918181117.0
008 131025s9999 xx 000 0 und d
040 _aIT-RoPAU
040 _cIT-RoPAU
041 _aITALIANO
999 _c99503
_d99503
999 _bn.d.
100 _aAA.VV.
_9794
100 _eAutore testo/musica
_910610
100 _gCodice autore testo/musica SPICS: 12000
_910611
245 _aCristiani oggi in un mondo di comunicazione
250 _a1a ed.
260 _aROMA
260 _bSPICS RECORDS
_c1984 [1a Ed.:1984 - Ed. Lingua Orig.: 1984]
300 _aMUSICASSETTA
500 _aProgramma radiofonico. Elaborato studenti Spics.
505 _aProgramma radiofonico realizzato dagli studenti dello Spics anno 1983-1984. Parte del progetto "Alberione" che comprende anche la realizzazione della videocassetta "Don Alberione ieri e oggi" Codice 37397. Interviste a don Mambritto, don Giovannini, don Castaneda, don Esposito
650 _aRELIGIOSO [ELABORATI STUDENTI SPICS]
_eCodice MATERIA SPICS: 9905
_910612
942 _cMC
_2ddc